UFC 1-50 Main Fights Winners - Statistics

General Stats
  • This quiz has been taken 37 times
  • The average score is 35 of 50
Answer Stats
UFC # Winner Loser % Correct
UFC 16 Frank Shamrock Igor Zinoviev
94%
UFC 17 Frank Shamrock Jeremy Horn
94%
UFC 22 Frank Shamrock Tito Ortiz
94%
UFC 5 Ken Shamrock Royce Gracie
94%
UFC 6 Ken Shamrock Dan Severn
94%
UFC 7 Ken Shamrock Oleg Taktarov
94%
UFC 8 Ken Shamrock Kimo Leopoldo
94%
UFC 48 Ken Shamrock Kimo Leopoldo
94%
UFC 1 Royce Gracie Gerard Gordeau
94%
UFC 2 Royce Gracie Patrick Smith
94%
UFC 4 Royce Gracie Dan Severn
94%
UFC 47 Chuck Liddell Tito Ortiz
88%
UFC 28 Randy Couture Kevin Randleman
88%
UFC 31 Randy Couture Pedro Rizzo
88%
UFC 34 Randy Couture Pedro Rizzo
88%
UFC 43 Randy Couture Chuck Liddell
88%
UFC 44 Randy Couture Tito Ortiz
88%
UFC 49 Randy Couture Vitor Belfort
88%
UFC 19 Tito Ortiz Guy Mezger
85%
UFC 25 Tito Ortiz Wanderlei Silva
85%
UFC 29 Tito Ortiz Yuki Kondo
85%
UFC 30 Tito Ortiz Evan Tanner
85%
UFC 32 Tito Ortiz Elvis Sinosic
85%
UFC 33 Tito Ortiz Vladimir Matyushenko
85%
UFC 40 Tito Ortiz Ken Shamrock
85%
UFC 50 Tito Ortiz Patrick Cote
85%
UFC 9 Dan Severn Ken Shamrock
73%
UFC 46 Vitor Belfort Randy Couture
73%
UFC 10 Mark Coleman Don Frye
70%
UFC 11 Mark Coleman Scott Ferrozzo
70%
UFC 23 Kevin Randleman Pete Williams
64%
UFC 26 Kevin Randleman Pedro Rizzo
64%
UFC 38 Matt Hughes Carlos Newton
64%
UFC 42 Matt Hughes Sean Sherk
64%
UFC 45 Matt Hughes Frank Trigg
64%
UFC 14 Maurice Smith Mark Coleman
55%
UFC 15 Maurice Smith Tank Abbott
55%
UFC 21 Maurice Smith Marco Ruas
55%
UFC 27 Pedro Rizzo Dan Severn
52%
UFC 35 Jens Pulver B.J. Penn
48%
UFC 39 Ricco Rodriguez Randy Couture
45%
UFC 20 Bas Rutten Kevin Randleman
39%
UFC 41 Tim Sylvia Ricco Rodriguez
39%
UFC 36 Josh Barnett Randy Couture
30%
UFC 18 Pat Miletich Jorge Patino
30%
UFC 24 Tedd Williams Steve Judson
30%
UFC 13 Guy Mezger Tito Ortiz
27%
UFC 37 Murilo Bustamante Matt Lindland
27%
UFC 3 Steve Jennum Harold Howard
15%
UFC 12 Jerry Bohlander Nick Sanzo
9%
No matching quizzes found
Score Distribution
Percent of People with Each Score
Percentile by Number Answered
Your Score History
You have not taken this quiz